LEADER 01056nam a2200241 4500 001 000000363393 003 CaOOAMICUS 005 20250626095526.0 008 250626s2025 it a 000 u ita r 020 $a978-88-00-75035-6 040 $aSeMil$bita 100 1 $aCozzo, Paolo,$d<1972- >.$0(OLS)http://semarc/name/51210 245 10$aStoria del Cristianesimo e delle Chiese /$cPaolo Cozzo, Andrea Nicolotti. 264 1$aFirenze :$bLe Monnier Università,$c2025. 650 4$aCristianesimo - Storia.$0(OLS)http://semarc/subject/130 650 4$aChiesa - Storia.$0(OLS)http://semarc/subject/8 700 1 $aNicolotti, Andrea,$d<1974- >.$0(OLS)http://semarc/name/94240 850 $aSeMil 852 $aSeMil$W1$xVenegono$y1$m3A IV 369$j258835$B254246$CSeMilBibl$Z2$F254246 $81 996 $6020$a978-88-00-75035-6$9(OLS)http://semarc/number/303527 996 $6245$aStoria del Cristianesimo e delle Chiese$9(OLS)http://semarc/title/454583 996 $6264$aFirenze :$bLe Monnier Università$9(OLS)http://semarc/publisher/38317 LEADER 00960nam a2200193 i 4500 001 000000188517 003 CaOOAMICUS 005 20100413000000.0 008 100413s1926 gw u000 u ger u 013 $a166706 040 $aSeMil$bita 100 1 $aHarnack, Adolf : von,$d<1851-1930>.$0(OLS)http://semarc/name/134 245 14$aDie Briefsammlung des Apostels Paulus :$bund die Anderen Vorkonstantinischen Christlichen Briefsammlungen /$cSechs vorlesungen aus der altkirchlichen literaturgeschichte von Adolf Harnack. 260 $aLeipzig :$bHinrichs'sche Buchhandlung,$c1926. 300 $a87 p. ;$c23 cm. 850 $aSeMil 852 $aSeMil$W1$xVenegono$y1$m2T IV 77$j139156$B139156$CSeMilBibl$Z2$F150755 $81 996 $6245$aDie Briefsammlung des Apostels Paulus :$bund die Anderen Vorkonstantinischen Christlichen Briefsammlungen$9(OLS)http://semarc/title/271296 996 $6260$aLeipzig :$bHinrichs'sche Buchhandlung$9(OLS)http://semarc/publisher/33281